El legado filosófico árabe (Record no. 19417)

MARC details
000 -LEADER
campo de control de longitud fija 00982nam a2200277 i 4500
001 - NÚMERO DE CONTROL
campo de control 19417
003 - IDENTIFICADOR DE NÚMERO DE CONTROL
campo de control ES-MaACL
005 - FECHA Y HORA DE LA ÚLTIMA TRANSACCIÓN
campo de control 20230906152106.0
007 - CAMPO FIJO DE DESCRIPCIÓN FÍSICA--INFORMACIÓN GENERAL
campo de control de longitud fija t|
008 - DATOS DE LONGITUD FIJA--INFORMACIÓN GENERAL
campo de control de longitud fija 020715s2001 sp ||||0| spa j
020 ## - NÚMERO INTERNACIONAL ESTÁNDAR DEL LIBRO
Número Internacional Estándar del Libro 84-8164-449-8
040 ## - FUENTE DE CATALOGACIÓN
Centro catalogador/agencia de origen M-BN
Lengua de catalogación spa
Centro/agencia transcriptor M-BN
080 ## - NÚMERO DE LA CLASIFICACIÓN DECIMAL UNIVERSAL
Número de la Clasificación Decimal Universal 1(=411.21)"04/14"
100 1# - ENTRADA PRINCIPAL--NOMBRE DE PERSONA
Nombre de persona Ǧābirī, Muḥammad ʻĀbid al-,
Fechas asociadas al nombre 1936-2010
9 (RLIN) 18024
245 13 - MENCIÓN DEL TÍTULO
Título El legado filosófico árabe
Resto del título : Alfarabi, Avicena, Avempace, Averroes, Abenjaldún : lecturas contemporáneas /
Mención de responsabilidad, etc. Mohamed Abed Yabri ; traducción del árabe, notas e índice de Manuel C. Feria García.
260 ## - PUBLICACIÓN, DISTRIBUCIÓN, ETC.
Lugar de publicación, distribución, etc. Madrid :
Nombre del editor, distribuidor, etc. Trotta,
Fecha de publicación, distribución, etc. [2001]
300 ## - DESCRIPCIÓN FÍSICA
Extensión 442 p ;
Dimensiones 23 cm.
490 1# - MENCIÓN DE SERIE
Mención de serie Al-Andalus ;
Designación de volumen o secuencia 10
504 ## - NOTA DE BIBLIOGRAFÍA, ETC.
Nota de bibliografía, etc. Bibliografía: p. 415-426. Indices.
650 14 - PUNTO DE ACCESO ADICIONAL DE MATERIA--TÉRMINO DE MATERIA
Término de materia o nombre geográfico como elemento de entrada Filosofía árabe-
Subdivisión cronológica S.V-XV.
9 (RLIN) 12832
700 1# - ENTRADA AGREGADA--NOMBRE PERSONAL
Nombre de persona Feria García, Manuel C.
9 (RLIN) 49298
830 0# - PUNTO DE ACCESO ADICIONAL DE SERIE-TÍTULO UNIFORME
Título uniforme Al-Andalus ;
Designación de volumen o secuencia 10
9 (RLIN) 178870
852 ## - LOCALIZACIÓN
Ubicación ES-MaACL
Número de control de estantería L-25842
Sublocalización o colección R.131147
Holdings
Estatus retirado Estado de pérdida Estado de daño No para préstamo Biblioteca de origen Biblioteca actual Ubicación en estantería Fecha de adquisición Fuente de adquisición Total de préstamos Signatura topográfica completa Código de barras Visto por última vez Precio de reemplazo Tipo de ítem Koha
        Biblioteca del Ateneo de Madrid Biblioteca del Ateneo de Madrid Depósito 2 17/01/2008     L-25842 1019867 23/02/2023 23/02/2023 Libro impreso